Catálogo público

Virologia practica / (Record no. 169764)

MARC details
000 -CABECERA
campo de control de longitud fija 00932nam a2200325Ia 4500
001 - NÚMERO DE CONTROL
campo de control Z_6498
003 - IDENTIFICADOR DEL NÚMERO DE CONTROL
campo de control CHAP
008 - DATOS DE LONGITUD FIJA--INFORMACIÓN GENERAL
campo de control de longitud fija 220113s1971 xx 000 0 und d
010 ## - NÚMERO DE CONTROL DE LA BIBLIOTECA DEL CONGRESO
Número de control de LC 169764
040 ## - FUENTE DE LA CATALOGACIÓN
Centro/agencia transcriptor CHAP
082 ## - NÚMERO DE LA CLASIFICACIÓN DECIMAL DEWEY
Número de clasificación 576.64078 C86
100 ## - ENTRADA PRINCIPAL--NOMBRE DE PERSONA
Nombre de persona Cunningham, Charles H.
9 (RLIN) 30457
240 ## - TÍTULO UNIFORME
Título uniforme A laboratory guide in virology
245 ## - MENCIÓN DE TÍTULO
Título Virologia practica /
Mención de responsabilidad, etc. Charles H. Cunningham; B. Moreno García
250 ## - MENCIÓN DE EDICIÓN
Mención de edición 6a ed.
260 ## - PUBLICACIÓN, DISTRIBUCIÓN, ETC.
Lugar de publicación, distribución, etc. España :
Nombre del editor, distribuidor, etc. Acribia,
Fecha de publicación, distribución, etc. 1971
300 ## - DESCRIPCIÓN FÍSICA
Extensión 260 p.
500 ## - NOTA GENERAL
Nota general Traducción de la obra en inglés: A laboratory guide in virology
503 ## - NOTA DE HISTORIA BIBLIOGRÁFICA (BK CF MU) [OBSOLETO]
Nota de historia bibliográfica ej.1: donación de Sr. Victor Paredes 18-agto-2013
504 ## - NOTA DE BIBLIOGRAFÍA, ETC.
Nota de bibliografía, etc. Incluye índice
650 ## - PUNTO DE ACCESO ADICIONAL DE MATERIA--TÉRMINO DE MATERIA
Término de materia o nombre geográfico como elemento de entrada Bacteriología
Subdivisión general
-- Manuales de laboratorio
9 (RLIN) 144968
650 ## - PUNTO DE ACCESO ADICIONAL DE MATERIA--TÉRMINO DE MATERIA
Término de materia o nombre geográfico como elemento de entrada Virus
9 (RLIN) 119936
700 ## - PUNTO DE ACCESO ADICIONAL--NOMBRE DE PERSONA
Nombre de persona Moreno García, B., tr.
9 (RLIN) 144969
901 ## - ELEMENTOS DE DATOS A LOCAL LDA (RLIN)
a 576.64078 C86
902 ## - ELEMENTOS DE DATOS B LOCAL, LDB (RLIN)
a A
910 ## - DATOS DE OPCIÓN DEL USUARIO (OCLC)
Datos de opción del usuario 1971
942 ## - ELEMENTOS DE PUNTO DE ACCESO ADICIONAL (KOHA)
Tipo de ítem Koha Libro_
942 ## - ELEMENTOS DE PUNTO DE ACCESO ADICIONAL (KOHA)
Tipo de ítem Koha
Holdings
Estado de retiro Estado de pérdida Fuente del sistema de clasificación o colocación Estado dañado No para préstamo Código de colección Localización permanente Ubicación/localización actual Ubicación en estantería Fecha de adquisición Código de barras Fecha visto por última vez Número de copia Precio válido a partir de Tipo de ítem Koha
    Dewey Decimal Classification     General Zootecnia Zootecnia   28/10/2014 z_3544 18/01/2022 1 18/01/2022 Libro